On lags and chaos in economic dynamic models.

Analýzy úlohy chaosu v dynamických ekonomických modeloch. Poukaz na nevýhody implicitného zaobchádzania s oneskorením v niektorých aplikáciach diskrétnych dynamických systémov v ekonomike. Analýza systému so spätnou väzbou s jednoduchým cyklom.

Gespeichert in:
Bibliographische Detailangaben
1. Verfasser: Invernizzi, S.
Weitere Verfasser: Medio, A.
Format: Buchkapitel
Sprache:Englisch
Schlagworte:
Tags: Tag hinzufügen
Keine Tags, Fügen Sie das erste Tag hinzu!

MARC

LEADER 00000naa a2200000 4500
001 r007313
005 20221130103500.4
041 0 |a eng 
044 |a NL 
245 1 0 |a On lags and chaos in economic dynamic models.  |c S. Invernizzi, A. Medio 
520 |a Analýzy úlohy chaosu v dynamických ekonomických modeloch. Poukaz na nevýhody implicitného zaobchádzania s oneskorením v niektorých aplikáciach diskrétnych dynamických systémov v ekonomike. Analýza systému so spätnou väzbou s jednoduchým cyklom. 
610 2 0 |a modely dynamické 
610 2 0 |a modely ekonomické 
610 2 0 |a analýza systémov 
610 2 0 |a systémy ekonomické 
100 1 |a Invernizzi, S. 
700 1 |a Medio, A.